Gordis Epidemiology (Record no. 6838)

MARC details
000 -LEADER
fixed length control field 00533nam a22002057a 4500
003 - CONTROL NUMBER IDENTIFIER
control field OSt
005 - DATE AND TIME OF LATEST TRANSACTION
control field 20210325155349.0
008 - FIXED-LENGTH DATA ELEMENTS--GENERAL INFORMATION
fixed length control field 210325b ||||| |||| 00| 0 eng d
020 ## - INTERNATIONAL STANDARD BOOK NUMBER
International Standard Book Number 9780323552295
040 ## - CATALOGING SOURCE
Transcribing agency NLM
082 ## - DEWEY DECIMAL CLASSIFICATION NUMBER
Classification number WA105 C326g 2019
100 ## - MAIN ENTRY--PERSONAL NAME
Personal name Celentano, David D.; Szklo, Moyses
9 (RLIN) 14018
245 ## - TITLE STATEMENT
Title Gordis Epidemiology
250 ## - EDITION STATEMENT
Edition statement 6th ed.
260 ## - PUBLICATION, DISTRIBUTION, ETC. (IMPRINT)
Place of publication, distribution, etc. Philadephia;
Name of publisher, distributor, etc. Elsevier,
Date of publication, distribution, etc. 2019
300 ## - PHYSICAL DESCRIPTION
Extent xi,420p; Col.ill: 23.5cm
504 ## - BIBLIOGRAPHY, ETC. NOTE
Bibliography, etc Index included
650 ## - SUBJECT ADDED ENTRY--TOPICAL TERM
Topical term or geographic name as entry element Epidemiology
9 (RLIN) 1064
942 ## - ADDED ENTRY ELEMENTS (KOHA)
Source of classification or shelving scheme Other/Generic Classification Scheme
Koha item type Open Shelf
Holdings
Withdrawn status Lost status Source of classification or shelving scheme Damaged status Not for loan Home library Current library Date acquired Source of acquisition Inventory number Total Checkouts Full call number Barcode Date last seen Koha item type
    Other/Generic Classification Scheme     MUST Main Library MUST Main Library 25/03/2021 Purchase 20/41205   WA105 C326g 2019 2021-0331 25/03/2021 Open Shelf
    Other/Generic Classification Scheme     MUST Main Library MUST Main Library 25/03/2021 Purchase 20/41206   WA105 C326g 2019 2021-0332 25/03/2021 Open Shelf
    Other/Generic Classification Scheme     MUST Main Library MUST Main Library 25/03/2021 Purchase 20/41207   WA105 C326g 2019 2021-0333 25/03/2021 Open Shelf